00450nam a2200133 a 450000500170000000800410001705000220005824500350008026000400011544000150015565000160017099900190018695201110020520140414132051.0110712s19uu xx 00 eng d aREF 031bCHI V.11 aChildcraft: People and places. aChicago :bWorld Book, Inc.,c1987. aChildcraft aMathematics c114174d114174 001040aMUbMUcREFd2011-07-12efr. ELIl0oREF 031 CHI V.11pM5926r2014-04-14 00:00:00w2014-04-14yBK